| 000 | 00698nam a2200217 4500 | ||
|---|---|---|---|
| 999 |
_c29070 _d29070 |
||
| 008 | 171106b xxu||||| |||| 00| 0 eng d | ||
| 020 | _a9788173816338 | ||
| 020 | _a 8173816336 | ||
| 050 |
_aSB123 _b.K37 2010 |
||
| 100 | _aKar, Dipak Kumar | ||
| 245 |
_aPlant breeding biometry biometechnology / _cDipak Kumar Kar and Soma Halder. |
||
| 260 |
_aLondon : _bNew Central Book Agency, _c 2010. |
||
| 300 |
_ax, 411 p. : _bill. ; _c25 cm |
||
| 500 | _aInclude index | ||
| 650 | _aPlant biotechnology. | ||
| 650 | _aPlant cell and tissue culture. | ||
| 650 | _aAgriculture. | ||
| 650 | _aHybridization. | ||
| 700 | _aHalder, Soma. | ||
| 942 |
_2lcc _cBOOKS _hSB123 .K37 2010 _03 |
||